Statistics for Richest States Adjusted to Cost of Living

Click here to take the quiz!

General Stats

  • This quiz has been taken 42 times
  • The average score is 8 of 10

Answers on the Map

Answers color-coded by a green-red scale on the quiz's map according to % correct below.
 

Answer Stats

Adjusted IncomeAnswer% Correct
62kNew York
97%
68kMassachusetts
94%
61kNew Jersey
94%
63kMaryland
88%
73kConnecticut
84%
61kIllinois
75%
61kNebraska
63%
64kNorth Dakota
63%
62kSouth Dakota
63%
67kWyoming
59%

Score Distribution

Percentile by Number Answered

Percent of People with Each Score

Your Score History

You have not taken this quiz